MARC

LEADER 00000nam0a2200000 4500
001 112654
005 20231101215056.0
035 |a (RuTPU)RU\TPU\book\121810 
090 |a 112654 
100 |a 20070331d1962 km y0rusy50 ca 
101 0 |a rus 
102 |a RU 
105 |a a z 001zy 
200 1 |a Одночервячные прессы для переработки пластмасс  |f И. М. Корецкий, А. Я. Малкин, Г. С. Вайнштейн  |g Всесоюзный научно-исследовательский и конструкторский институт химического машиностроения (НИИХИММАШ) 
210 |a Москва  |c Изд-во ЦБТИ  |d 1962 
215 |a 92 с.  |c ил. 
320 |a Библиография в конце книги. 
606 1 |a Прессы для пластмасс  |2 stltpush  |3 (RuTPU)RU\TPU\subj\51440  |9 70035 
610 1 |a химическая технология 
610 1 |a пластмассы 
610 1 |a переработка 
610 1 |a прессы 
610 1 |a прессы шнековые 
610 1 |a червячные прессы 
610 1 |a термопласты 
675 |a 678.5.027.7  |v 3 
700 1 |a Корецкий  |b И. М. 
701 1 |a Малкин  |b А. Я.  |g Алексей Яковлевич 
701 1 |a Вайнштейн  |b Г. С. 
712 0 2 |a Всесоюзный научно-исследовательский и конструкторский институт химического машиностроения (НИИХИММАШ)  |2 stltpush  |3 (RuTPU)RU\TPU\col\10024 
801 1 |a RU  |b 63413507  |c 20070331  |g PSBO 
801 2 |a RU  |b 63413507  |c 20180607  |g PSBO 
942 |c BK